Zmeny v sociálnom zabezpečení vojakov a policajtov od mája 2013

Hlavným zámerom návrhu novely zákona č. 328/2002 Z. z. o sociálnom zabezpečení policajtov a vojakov, ktorú 14. marca 2013 schválili poslanci NR SR, je vytvorenie legislatívneho prostredia na vyrovnanie príjmov a výdavkov na osobitných účtoch ministerstiev vnútra, obrany, financií, spravodlivosti, S...

Descrizione completa

Salvato in:
Dettagli Bibliografici
Autore principale: Neupauerová, Zuzana
Natura: Capitolo di libro
Lingua:slovacco
Soggetti:
Tags: Aggiungi Tag
Nessun Tag, puoi essere il primo ad aggiungerne!!

MARC

LEADER 00000nla a2200000 4500
001 0167962
005 20240502072928.9
041 0 |a slo 
044 |a SK 
245 1 0 |a Zmeny v sociálnom zabezpečení vojakov a policajtov od mája 2013  |c Zuzana Neupauerová 
520 |a Hlavným zámerom návrhu novely zákona č. 328/2002 Z. z. o sociálnom zabezpečení policajtov a vojakov, ktorú 14. marca 2013 schválili poslanci NR SR, je vytvorenie legislatívneho prostredia na vyrovnanie príjmov a výdavkov na osobitných účtoch ministerstiev vnútra, obrany, financií, spravodlivosti, SIS a NBÚ. Príjmy osobitných účtov pozostávajú predovšetkým z odvodov poistného zo služobných príjmov. Opatrenia sa navrhujú v záujme obnovenia vyváženosti medzi príjmami a výdavkami osobitných účtov. 
610 2 0 |a vojaci 
610 2 0 |a polícia 
610 2 0 |a zabezpečenie sociálne 
610 2 0 |a dôchodky starobné 
100 1 |a Neupauerová, Zuzana